All Serie A Teams Ever - Statistics

General Stats
  • This quiz has been taken 12 times
  • The average score is 44 of 67
Answer Stats
Seasons Teams % Correct
61 Atalanta
100%
23 Brescia
100%
42 Cagliari
100%
89 Juventus
100%
49 Udinese
100%
84 Fiorentina
100%
31 Hellas Verona
100%
90 Internazionale
100%
79 Lazio
100%
88 Milan
100%
76 Napoli
100%
29 Palermo
100%
27 Parma
100%
89 Roma
100%
65 Sampdoria
100%
78 Torino
100%
75 Bologna
91%
55 Genoa
91%
7 Pisa
91%
9 Sassuolo
91%
13 Venezia
91%
30 Bari
82%
17 Chievo Verona
82%
14 Empoli
82%
5 Messina
82%
16 Ascoli
73%
17 Catania
73%
13 Como
73%
16 Lecce
73%
13 Perugia
73%
19 SPAL
73%
2 Ancona
64%
2 Benevento
64%
7 Cremonese
64%
18 Livorno
64%
13 Modena
64%
16 Padova
64%
8 Piacenza
64%
9 Reggina
64%
2 Spezia
64%
13 Cesena
55%
3 Crotone
55%
11 Foggia
55%
2 Frosinone
55%
7 Pescara
55%
6 Pro Vercelli
55%
3 Salernitana
55%
30 Vicenza
55%
13 Alessandria
45%
13 Novara
45%
3 Reggiana
45%
9 Siena
45%
10 Avellino
36%
1 Carpi
36%
1 Treviso
36%
26 Triestina
36%
3 Lecco
27%
7 Mantova
27%
12 Pro Patria
27%
2 Ternana
27%
7 Varese
27%
4 Casale
18%
7 Catanzaro
18%
1 Pistoiese
18%
3 Legnano
9%
8 Lucchese
9%
8 Sampierdarenese
9%
No matching quizzes found
Score Distribution
Percent of People with Each Score
Percentile by Number Answered
Your Score History
You have not taken this quiz